[Event "Bern op"]
[Site "Bern"]
[Date "1992.??.??"]
[Round "5"]
[White "Cramling, Pia"]
[Black "Flear, Glenn C"]
[Result "1/2-1/2"]
[WhiteElo "2530"]
[BlackElo "2495"]
[Annotator "Ftacnik,L"]
[PlyCount "74"]
[EventDate "1992.02.??"]
[EventType "swiss"]
[EventRounds "9"]
[EventCountry "SUI"]
[SourceTitle "CBM 028"]
[Source "ChessBase"]
[SourceDate "1992.06.01"]
[SourceVersion "1"]
[SourceVersionDate "1992.06.01"]
[SourceQuality "1"]

1. d4 d5 2. c4 e6 3. Nf3 Nf6 4. Nc3 c6 5. Bg5 Qb6 6. Qc2 {N} (6. Bxf6 Qxb2 7.
Qc1 Qxc1+ 8. Rxc1 gxf6 9. cxd5 Bb4 10. dxc6 Nxc6 11. e3 Bd7 12. Kd1 Rc8 $10 {
Borges Mateos,J-Gomez,A/S.Spiritus ch-CU/1989/}) 6... Ne4 7. cxd5 (7. Nxe4 dxe4
8. Qxe4 Qxb2 $40) 7... Nxg5 (7... Nxc3 8. bxc3 cxd5 9. e3 $13) 8. Nxg5 exd5 9.
e3 Be7 10. f4 (10. Nxh7 $4 g6 $19) 10... Na6 (10... Bxg5 11. fxg5 Bf5 $2 12.
Qxf5 Qxb2 13. Nd1 Qxa1 14. Qc8+ Ke7 15. Qxh8 $18) 11. a3 Bxg5 12. fxg5 Bf5 $5
13. Qxf5 Qxb2 14. Qe5+ Kf8 (14... Kd7 15. Rb1 Qxc3+ 16. Kd1 b5 17. Be2 $40) 15.
Qd6+ Kg8 16. Bxa6 Qxa1+ 17. Nd1 bxa6 18. O-O Qb1 (18... Qc1 19. Qe7 Rf8 20. Nf2
Qc2 21. Ng4 $40) 19. Qxc6 Rd8 20. Qc7 Rf8 21. Nc3 Qb6 22. Qg3 (22. Qxb6 axb6
23. Nxd5 Rb8 $15) (22. Qe5 Qe6) 22... Qc6 23. e4 $1 dxe4 24. d5 Qb6+ (24...
Qc5+ 25. Kh1 Qxa3 26. d6 $132) 25. Kh1 h6 26. d6 Rd8 (26... hxg5 $2 27. Nd5 Qd4
28. Ne7+ Kh7 29. Qh3#) 27. Nxe4 hxg5 28. Qxg5 Rxd6 (28... Rh6 29. Qe7 $40) 29.
Nxd6 Qxd6 30. h3 Qxa3 31. Qf5 Qe7 (31... Qf8 32. Rc1 g6 33. Qd7 $132) 32. Qc8+
Qf8 33. Qxa6 Qa8 34. Rc1 Kh7 (34... Rxh3+ $2 35. Kg1 Rg3 36. Rc8+ $18) 35. Qd3+
g6 36. Rc7 Rf8 37. Qa6 Qe4 {Ftacnik,L} 1/2-1/2

[Event "FIDE World Cup"]
[Site "Khanty-Mansiysk"]
[Date "2011.08.31"]
[Round "2.1"]
[White "Vitiugov, Nikita"]
[Black "Korobov, Anton"]
[Result "1-0"]
[WhiteElo "2733"]
[BlackElo "2671"]
[Annotator "Ftacnik,L"]
[PlyCount "55"]
[EventDate "2011.08.28"]
[EventType "k.o."]
[EventRounds "7"]
[EventCountry "RUS"]
[SourceTitle "CBM 145"]
[Source "ChessBase"]
[SourceDate "2011.11.11"]
[SourceVersion "1"]
[SourceVersionDate "2011.11.11"]
[SourceQuality "1"]

1. d4 d5 2. c4 c6 3. Nf3 Nf6 4. Nc3 e6 5. Bg5 h6 6. Bh4 dxc4 7. e4 g5 8. Bg3 b5
{The Moscow Variation of the Semi-Slav is a child of a new era of computers
and exceptional solutions. The adherents of classical chess would have in the
past derided the weakening of both flanks as a somewhat obscene form of
courage.} 9. Be2 Bb7 10. Qc2 Nbd7 11. Rd1 Nh5 $6 {It is very difficult to set
an evaluation for this position due to the experience in the whole complicated
complex. Black experiences a lot of freedom in the choice of piece development
according to his own preference. The knight move to h5 is in my opinion most
likely second rate. It neglects the development and enables White to take
advantage of his relative development advantage for the beginning of active
opearations.} (11... Bb4 12. Ne5 (12. O-O O-O 13. Ne5 Nh7 14. f4 Nxe5 15. fxe5
Qe7 16. Rf2 Ba5 17. Bh5 Bb6 18. Ne2 Rad8 19. Kh1 c5 20. d5 exd5 21. exd5 Bxd5
22. Nc3 $16 {1/2-1/2 Vitiugov,N (2709)-Motylev,A (2694)/Plovdiv 2010 (78)}) (
12. h4 g4 13. Ne5 Rg8 14. Bf4 h5 15. O-O Nxe5 16. Bxe5 Qe7 17. a4 a6 18. Ra1
Rd8 19. Rfe1 g3 20. fxg3 Nd7 21. Bf4 e5 22. dxe5 Nxe5 $11 {1/2-1/2 Feller,S 
(2649)-Spiess,G (2429)/Germany 2010 (54)}) 12... Qe7 13. O-O Nxe5 14. Bxe5 O-O
15. Bxf6 Qxf6 16. f4 Qg7 17. e5 c5 18. Nxb5 cxd4 19. Qxc4 a5 20. Kh1 Rac8 21.
Qxd4 gxf4 $15 {1/2-1/2 Anand,V (2783)-Kramnik,V (2772)/Bonn 2008 (45)}) (11...
Be7 12. O-O Qb6 13. b3 cxb3 14. Qxb3 a6 15. Ne5 O-O 16. Nxd7 Nxd7 17. e5 Rad8
18. Bf3 b4 19. Na4 Qb5 20. Qc2 c5 21. Bxb7 Qxb7 22. Nxc5 Nxc5 23. dxc5 Rxd1 24.
Qxd1 Rc8 25. Qh5 Rxc5 26. Qxh6 Qc6 $15 {0-1 Sargissian,G (2630)-Anastasian,A 
(2574)/Yerevan 2005 (42)}) (11... Qb6 12. O-O (12. h4 g4 13. Ne5 Rg8 14. Nxd7
Nxd7 15. O-O Bg7 16. e5 O-O-O 17. Ne4 c5 18. Nd6+ Kb8 19. Nxb7 Kxb7 20. dxc5
Nxc5 21. Rxd8 Rxd8 22. Qh7 $14 {0-1 Fontaine,R (2517)-Markus,R (2470)/Belgrade
2002 (53)}) 12... Nh5 13. d5 Nxg3 14. hxg3 O-O-O 15. b3 cxb3 16. axb3 a6 17.
dxe6 fxe6 18. e5 Bb4 19. Ne4 $11 {1-0 Chernin,A (2620)-Pavasovic,D (2495)/
Feldbach 1997 (44)}) 12. d5 $1 Nxg3 13. hxg3 Bg7 {Shirov must have smelled a
rat in the game against Anand, but even the counterplay along a7-g1 diagonal
did not solve the problems.} (13... Qb6 14. dxe6 fxe6 15. Nxg5 Bc5 16. Bh5+ Ke7
17. Nxe6 Ne5 18. Nxc5 Qxc5 19. Be2 Raf8 20. O-O Rhg8 21. b4 Qxb4 22. Qd2 Qc5
23. Qxh6 $16 {1-0 Anand,V (2817)-Shirov,A (2709)/Leon 2011 (34)}) 14. dxe6 fxe6
15. e5 $1 Qe7 {Korobov has probably realised, that his gifted opponent will
try to uexploit his attacking potential to a maximum. In this unpleasant
position the defender had a chance to complicate the enemy task with the
rather unseemly move 15...Kf7!?} (15... Kf7 $5 16. Ne4 Rb8 17. Nd6+ Kg8 18. Qg6
Qe7 19. O-O Nf8 20. Qe4 $16) 16. Qg6+ Kf8 (16... Kd8 17. Nd4 Bxe5 18. Nxe6+ Kc8
19. Qf5 $16) 17. Ne4 $1 {[%mdl 128] Vitiugov does not need any outside advice
in order to find the squares for his attacking pieces. White will get the
chance to attack with all his pieces.} Nxe5 (17... Rd8 18. Nfxg5 hxg5 19. Rxh8+
Bxh8 20. Nxg5 Bg7 21. Nxe6+ Kg8 22. Bg4 Re8 23. Rxd7 Qxd7 24. Bf5 $18) 18. Nxe5
Bxe5 19. Rxh6 Rxh6 (19... Rg8 20. Qh5 $1 c5 (20... Qf7 21. Qxf7+ Kxf7 22. Rd7+
Kf8 23. Bh5 $18) 21. Nxc5 Qxc5 22. Rd7 $18) 20. Qxh6+ Bg7 (20... Qg7 21. Qxe6
Re8 22. Qf5+ Qf7 (22... Kg8 23. Rd7 $18) 23. Qxf7+ Kxf7 24. Bh5+ $18) 21. Qg6
c5 {Black should be seeking compensation for the opponent's attack in the form
of one pawn. But the necessity to defend the sensitive e6-square seems to have
a much higher priority in his mind..} (21... Qe8 22. Qxg5 Qe7 23. Qg6 Qe8 24.
Qxe8+ Rxe8 25. Nc5 Bc8 26. Bh5 Bxb2 27. Bxe8 Kxe8 28. Rd6 $16) (21... Rd8 22.
Rxd8+ Qxd8 23. Nxg5 Qe7 24. Bg4 Bc8 25. Bxe6 Bxe6 26. Nxe6+ $18) 22. Nxg5 Bd5
23. Bg4 Re8 24. Kf1 {Vitiugov must have sensed that the decisive moment was
not far away and that the desperate black defence would not be sufficient. His
pieces are so nicely coordinated, that not even the presence of the white king
on e1 would have saved the defender.} (24. Rxd5 $1 exd5+ 25. Ne6+ Kg8 26. Bf5
Rf8 27. Qh7+ Kf7 28. Qxg7+ Ke8 29. Qxf8+ Qxf8 30. Nxf8 Kxf8 31. Bd7 $18) 24...
c3 25. bxc3 (25. Rxd5 exd5 (25... c2 26. Rxc5 $18) 26. Ne6+ Kg8 27. Bf5 $18)
25... Bc4+ 26. Kg1 Kg8 {Korobov is beyond hope, as he is not able to improve
his position and the decisive blow is coming.} (26... b4 27. Nh7+ Kg8 28. Rd7
$18) 27. Re1 Qd7 (27... Bd3 28. Bxe6+ Qxe6 29. Qxe8+ Qxe8 30. Rxe8+ Bf8 31. Ne6
$18) 28. Re4 (28. Re4 Bd3 (28... Bd5 29. Rf4 $18) 29. Bxe6+ Rxe6 30. Qh7+ Kf8
31. Rf4+ $18) 1-0

[Event "La Roche sur Yon"]
[Site "La Roche sur Yon"]
[Date "2006.03.23"]
[Round "8"]
[White "Pelletier, Yannick"]
[Black "Rodriguez Guerrero, Enrique"]
[Result "1-0"]
[WhiteElo "2579"]
[BlackElo "2464"]
[Annotator "Ftacnik,L"]
[PlyCount "67"]
[EventDate "2006.03.15"]
[EventType "tourn"]
[EventRounds "9"]
[EventCountry "FRA"]
[EventCategory "12"]
[SourceTitle "CBM 112"]
[Source "ChessBase"]
[SourceDate "2006.06.07"]
[SourceVersion "1"]
[SourceVersionDate "2006.06.07"]
[SourceQuality "1"]

1. d4 d5 2. c4 c6 3. Nf3 Nf6 4. Nc3 e6 5. Bg5 h6 6. Bh4 dxc4 7. e4 g5 8. Bg3 b5
{The modern chess enables for the opening position from the opening to be
unclear and offering the chances for both sides. Black is exposed on both
flanks, but firmly holds on the spare pawn. White will have to play creatively
in order to endanger the opponent´s concept.} 9. Be2 Bb7 10. h4 b4 11. hxg5
bxc3 12. bxc3 (12. gxf6 cxb2 13. Rb1 Qa5+ 14. Nd2 (14. Kf1 c3 15. Ne5 Ba6 16.
Kg1 Bxe2 17. Qxe2 Qxa2 18. Kh2 h5 19. Nc4 Nd7 {0-1 Nielsen,P (2593)-Filipenko,
A (2410)/FIDE.com 2001 (30)}) 14... c3 15. O-O Ba6 16. Nc4 (16. Nb3 Qxa2 17.
Nc5 Bb5 18. Qc2 Qa3 19. Rfd1 Rg8 20. Bxb5 cxb5 21. Qe2 Qb4 22. Nxe6 Qc4 23.
Nc7+ Kd8 {0-1 Atalik,S (2537)-Dreev,A (2685)/Sarajevo 2001 (29)}) 16... Qxa2
17. Ne3 Bxe2 18. Qxe2 Nd7 19. d5 cxd5 20. exd5 Bc5 21. Nc4 Nxf6 22. Be5 Nxd5
23. Bxh8 {1-0 Yuferov,S (2436)-Sveshnikov,E (2555)/St Petersburg 2000 (39)})
12... Nxe4 13. Be5 Nxc3 (13... Rh7 14. Qc2 (14. Qb1 Qa5 15. Nd2 f5 16. gxf6 c5
17. Nxe4 Bxe4 18. Bh5+ Kd8 19. Qxe4 Qxc3+ 20. Ke2 Qd3+ 21. Qxd3 cxd3+ 22. Kxd3
Nc6 23. Bf3 Rc8 24. Bxc6 Rxc6 25. Rab1 {1-0 Rogozenko,D (2548)-Filipenko,A 
(2410)/FIDE.com 2001 (32)}) 14... Qa5 15. O-O c5 16. Rab1 Qxc3 17. Qa4+ Bc6 18.
Rxb8+ {1-0 Ivanov,S (2574)-Potkin,V (2420)/St Petersburg 2000}) (13... Rg8 14.
Qb1 Qa5 15. O-O Nd7 16. Qxb7 Qd8 17. Bxc4 Nxc3 18. Rac1 Nd5 19. Bxd5 cxd5 20.
Rc7 Rb8 21. Qxa7 Ra8 22. Qb7 Rb8 23. Qc6 {1-0 Utkin,A (2382)-Rumiantsev,A 
(2309)/Peterhof 2005}) 14. Qc2 Nxe2 15. Bxh8 $146 {It can not be excluded,
that Pelletier has prepared this immensely risky novelty at home, but in that
case he is conciously playing with fire.} (15. Kxe2 Nd7 16. Bxh8 hxg5 17. Rh7
g4 18. Ne5 Nxe5 19. Bxe5 Qd5 20. Rah1 (20. Rb1 c5 21. Rxb7 Qxb7 22. Qa4+ Qd7
23. Qxd7+ Kxd7 24. Rxf7+ Kc6 25. Rc7+ Kd5 {1/2 Beliavsky,A (2649)-Sveshnikov,E
(2565)/Ljubljana 2002 (42)}) 20... c5 21. Rxf7 Qe4+ 22. Qxe4 Bxe4 23. Rc7 cxd4
24. Rh8 Rb8 25. Bxd4 Bd3+ 26. Ke3 Rb1 27. Bc5 Re1+ 28. Kf4 Re4+ 29. Kg3 {
1-0 Stohl,I (2533)-Kuczynski,R (2470)/Germany 2002}) 15... Nf4 16. gxh6 Nxg2+ {
[%mdl 64] The first critical crossroad, black is fearlessly jumpong the gun of
the attack. The alternative was to stop the white h pawn with the help of the
knight on g6, variatons are more than complicated..} (16... c5 17. h7 Ng6 18.
Be5 (18. d5 $5 exd5 19. Be5 (19. Bb2 d4 20. O-O-O Qf6 $1 (20... Qd5 $2 21.
Rhe1+ $1 Be7 (21... Kd7 22. Bxd4 cxd4 23. Rxd4 Kc7 24. Rxd5 Bxd5 25. Re8 $18)
22. Qxg6 fxg6 23. h8=Q+ Kd7 24. Bxd4 Nc6 (24... Na6 25. Qg7 $18) 25. Qh3+ $18)
21. Rde1+ Kd8 22. Ne5) 19... Nd7 20. Kf1 Qb6 21. Rb1 Qa6 22. Bc7 $1 $14) 18...
Bxf3 (18... cxd4 19. O-O-O Bxf3 (19... Nc6 20. Qa4 Qd7 21. Bf6 Nce5 22. Qxd7+
Nxd7 23. Bxd4 Bxf3 24. gxf3 e5 25. Rdg1 Bg7 26. Rxg6 fxg6 27. h8=Q+ Bxh8 28.
Rxh8+ Nf8 29. Bxe5 $14) (19... d3 20. Qxc4 Nd7 21. Bc3 Rc8 22. Qd4 Ba6 $13) 20.
gxf3 Ba3+ 21. Kb1 Nc6 22. h8=Q+ Nxh8 23. Rxh8+ Bf8 24. Qa4 $18) 19. gxf3 Nc6
20. Qa4 (20. Qxc4 Qa5+ 21. Kf1 Ncxe5 22. dxe5 Bg7 23. f4 Rd8 24. Rb1 (24. Rc1
Bh8 $13) 24... Rd4 $11) 20... Qd7 21. Qxc4 Nxd4 22. Bxd4 Qxd4 23. Qxd4 cxd4 24.
h8=Q Nxh8 25. Rxh8 O-O-O 26. Rc1+ Kb7 27. Rh7 $14) 17. Kf1 c5 (17... Nf4 18. h7
Ng6 19. Be5 Qd5 20. Rg1 Nh8 (20... Qxf3 21. Rxg6 Qh3+ 22. Kg1 c5 23. h8=Q $18)
21. Bxh8 Qxf3 22. Be5 Ba6 23. Rg2 $18) 18. h7 (18. Be5 Qd5 19. Qe2 (19. h7 Qxf3
20. Qa4+ (20. h8=Q Ne3+ 21. Ke1 Nxc2+ $19) 20... Bc6 21. h8=Q Bxa4 22. Qh3 Ne3+
23. Kg1 Qxh3 24. Rxh3 Nc2 $19) 19... Bxh6 20. Kxg2 (20. Rxh6 Qxf3 21. Qxf3 Bxf3
22. Bxb8 (22. Rh8+ Kd7 23. Rxb8 Rxb8 24. Bxb8 cxd4) 22... cxd4 23. Be5 d3 $19)
20... Bf8 $17) 18... Qd5 {This is surely one of the sharpest positions, that
can be created in the chess openings.} (18... Bxf3 $2 19. Be5 Nh4 20. Rxh4 Qxh4
21. h8=Q Qg4 22. Qxc4 $16) 19. Qd1 (19. Qc3 Nf4 20. Be5 Ng6 21. Rg1 (21. h8=Q
Nxh8 22. Rxh8 Qxf3 23. Qxf3 Bxf3 24. Bd6 Nd7 25. dxc5 O-O-O $19) 21... cxd4 22.
Bxd4 Qh5 23. Rxg6 Qxh7 24. Rg3 Nd7 $17) 19... Qf5 $1 (19... Qxf3 $2 20. Qxf3
Bxf3 21. Be5 $18) 20. d5 $5 {This move is a clear sign, that white is
grappling with the problems as the conterplay is very dangerous.} (20. Bg7 Bxg7
21. h8=Q+ Bxh8 22. Rxh8+ Ke7 23. dxc5 Nd7 24. Qd6+ Kf6 25. Rxa8 Qxf3 $19) (20.
Be5 Ne3+ (20... Bxf3 21. Qd2 f6 22. h8=Q fxe5 23. Qxe5 Qxe5 24. dxe5 Ne3+ 25.
fxe3 Bxh1 26. Qc2 $16) 21. fxe3 Bxf3 22. e4 $1 (22. Ke1 Bxd1 23. Rxd1 Qf3 24.
h8=Q Qxe3+ 25. Kf1 Qf3+ 26. Ke1 Nc6 $19) 22... Bxe4+ 23. Ke1 Bxh1 24. h8=Q Bf3
25. Qa4+ Nd7 26. Qxc4 f6 27. Bd6 Kf7 $17) 20... Bxd5 21. Bf6 $2 (21. Bc3 $5
Ne3+ (21... Nd7 22. h8=Q Bxf3 23. Qd2 Nf4 24. Qh4 Bxh1 25. Qxh1 Nd5 $11) 22.
fxe3 Bxf3 23. e4 (23. h8=Q Bxd1+ 24. Ke1 Bf3 $19) 23... Qxe4 24. Qd2 Be2+ 25.
Kg1 Qg4+ 26. Kh2 Bg7 27. Rag1 (27. Bxg7 Qxg7 28. Qxe2 Qxh7+ $17) 27... Qh4+ 28.
Kg2 Qe4+ 29. Kf2 Qf3+ 30. Ke1 Bd3 31. h8=Q+ (31. Bxg7 Bxh7 $17) 31... Bxh8 32.
Rxh8+ Kd7 33. Qf2 Qxf2+ 34. Kxf2 Kc6 35. Rgg8 $14) 21... Nd7 $2 {The mistakes
in chess are rarely occuring alone. Both players have lost track in the
extremely complicated position.} (21... Qxf6 22. h8=Q (22. Kxg2 Bg7 $19) 22...
Qxf3 23. Qxf3 Bxf3 24. Rh7 Nd7 25. Qg8 Ne5 26. Qh8 Nd7 27. Qg8 $11) 22. h8=Q
Ne3+ (22... Nxf6 23. Qh3 $16) (22... Qxf3 23. Qxf3 Bxf3 24. Bg5 f6 25. Bxf6 Nf4
26. Rh7 $18) 23. fxe3 (23. Ke1 $2 Nxd1 $19) 23... Bxf3 24. Qd6 (24. e4 $5 Bxe4+
25. Ke1 Qxf6 (25... Bxh1 26. Qxh1 $18) 26. Qxf6 Nxf6 27. Qa4+ Nd7 28. Rd1 $18)
24... Bxh1+ 25. Kg1 {The smoke has cleared on the battlefield and Rodriguez
was left with two light pieces for the queen.} (25. Ke1 Qxf6 26. Qdxf8+ Nxf8
27. Qxf6 $16) 25... Qg4+ (25... Qxf6 26. Qdxf8+ Nxf8 27. Qxf6 Be4 28. Rf1 Bg6
29. Rf4 $16) 26. Kxh1 Qf3+ 27. Kh2 Qf2+ 28. Kh3 Qxe3+ 29. Qg3 Qe4 (29... Qxg3+
30. Kxg3 Nxf6 31. Qxf6 Rd8 32. Rb1 $18) 30. Rf1 Rb8 {Pelletier will perform
the finish of the game in a specially charming way.} (30... Qd5 31. Kh2 $18)
31. Qxf8+ $3 Kxf8 (31... Nxf8 32. Qxb8+ $18) 32. Qd6+ Kg8 33. Rg1+ Kh7 34. Rg7+
(34. Rg7+ Kh6 (34... Kh8 35. Rg4+ Nxf6 36. Qxb8+ Kh7 37. Rxe4 $18) 35. Qd2+ Kh5
36. Qg5#) 1-0